书目信息 |
| 题名: |
"库尔斯克号"失事真相
|
|
| 作者: | 乌斯季诺夫 著 ;徐东辉 译 | |
| 分册: | ||
| 出版信息: | 北京 中央编译出版社 2006.06 |
|
| 页数: | 203页 | |
| 开本: | 23cm | |
| 丛书名: | ||
| 单 册: | ||
| 中图分类: | U674.761 | |
| 科图分类: | ||
| 主题词: | 核潜艇--he qian ting--事故--史料--俄罗斯--2000 | |
| 电子资源: | ||
| ISBN: | 7-80211-234-6 | |
| 000 | 01316nam0 2200265 450 | |
| 001 | 012006337130 | |
| 005 | 20061128160623.53 | |
| 010 | @a7-80211-234-6@dCNY24.00 | |
| 100 | @a20061109d2006 km y0chiy0120 ea | |
| 101 | 1 | @achi@crus |
| 102 | @aCN@b110000 | |
| 105 | @aac z 000yy | |
| 200 | 1 | @a"库尔斯克号"失事真相@A"ku er si ke hao"shi shi zhen xiang@d= Правда о "Курске"@f(俄) 弗拉基米尔·瓦西里耶维奇·乌斯季诺夫著@F(e)fu la ji mi er·wa xi li ye wei qi·wu si ji nuo fu zhu@g徐东辉译@Gxu dong hui yi@zrus |
| 210 | @a北京@c中央编译出版社@d2006.06 | |
| 215 | @a203页@c图, 肖像@d23cm | |
| 305 | @a本书据Издателъство《ОЛМА-ПРЕСС》2004年版本译出。 | |
| 306 | @a本作品中文专有出版权由中华版权代理总公司和俄罗斯著作权协会代理取得,由中央编译出版社独家出版。 | |
| 330 | @a本书作者作为俄罗斯总检察长,他在大量事实调查的基础上,用生动的语言首次披露了许多时至今日尚未人知的事实,揭开了“库尔斯克号”失事的诸多谜团,并阐述了作者个人的观点。 | |
| 510 | 1 | @aПравда о "Курске"@zrus |
| 606 | 0 | @a核潜艇@Ahe qian ting@x事故@x史料@y俄罗斯@z2000 |
| 690 | @aU674.761@v4 | |
| 701 | 1 | @a乌斯季诺夫@Awu si ji nuo fu@g(Устинов, Владимир Васидьевия)@4著 |
| 702 | 0 | @a徐东辉@Axu dong hui@4译 |
| 801 | 0 | @aCN@c20061128 |
| 905 | @a10447@dU674.761@eW718 | |
| "库尔斯克号"失事真相= Правда о "Курске"/(俄) 弗拉基米尔·瓦西里耶维奇·乌斯季诺夫著/徐东辉译.-北京:中央编译出版社,2006.06 |
| 203页:图, 肖像;23cm |
| ISBN 7-80211-234-6:CNY24.00 |
| 本书作者作为俄罗斯总检察长,他在大量事实调查的基础上,用生动的语言首次披露了许多时至今日尚未人知的事实,揭开了“库尔斯克号”失事的诸多谜团,并阐述了作者个人的观点。 |
| ● |
| 相关链接 |
|
|
|
正题名:"库尔斯克号"失事真相
索取号:U674.761/W718
 
预约/预借
| 序号 | 登录号 | 条形码 | 馆藏地/架位号 | 状态 | 备注 |
| 1 | 226552 | 202265529 | 自科库501/501自科库 59排2列5层/ [索取号:U674.761/W718] | 在馆 | |
| 2 | 226553 | 202265538 | 自科库501/501自科库 59排2列5层/ [索取号:U674.761/W718] | 在馆 | |
| 3 | 226554 | 202265547 | 自科库501/501自科库 59排2列5层/ [索取号:U674.761/W718] | 在馆 |